000 00631nam a22001815i 4500
001 156998
003 ES-MaACL
005 20230906210543.0
008 040806s1862 fr |||| | fre d
040 _aCAM
_bspa
_cCAM
100 1 _aLandelle, Gabriel de la.
_9128655
245 1 0 _aChansons maritimes
_b: le gaillard d'avant /
_cpar G. de la Landelle.
260 _aParis :
_bE. Dentu éditeur,
_c1862 (
_fImprimé chez Bonaventure et Ducessois)
300 _a218 p. ;
_c18 cm.
597 _aTexto con pautado musical.
650 4 _aCanciones.
_9135721
852 _aES-MaACL
_jF-11138
_z-- Enc. hol. conservando la cub. original
999 _c156998
_d156998